00388nam a2200157 a 450000100060000000300090000600800410001504000280005608200130008410000220009724500300011925000060014926000400015530000100019565000250020510918CO-ViMGA141112s2004 ck r 000 u spa d aCO-ViMGAbspacCO-ViMGA04a123 V35a1 aVelez Saenz, Jose10aLas Aventuras del Milagro a1 aManizales, cImprenta Apolo, c1970 a80 p.14aLIBERTAD - FILOSOFIA